000
00347nam a2200133Ia 4500
008
151001s9999||||xx |||||||||||||| ||und||
100
_a
नीलाभ
245
_a
आजादी का तीर्थ
250
_a
1
260
_b
प्वाइंट प्रकाशन
260
_c
2007
300
_a
55
365
_b
21
999
_c
989214
_d
989211